000 00533nam a2200157 a 4500
005 20140412111300.0
008 010419s19uu xx 00 eng d
020 _a0-7500-0874-1
050 _aTR(GS 745
_bB38 1991
100 _aBawden, Juliet
245 _a101 things to make :
_bfun experiments with models, textiles, paper, print and paint /
_cJuliet Bawden; illustrated by Alex Pang.
260 _aHemel Hempstead, Herts :
_bSimon & Schuster Young Books,
_c1991.
300 _a102 p. ; ill.
650 _aCraft
999 _c103364
_d103364